Strzelcy goli w 1. kolejce EURO 2024 - Statystyki

Ogólne statystyki
  • Ten quiz został rozwiązany 204 razy
  • Średni wynik to 17 z 34
Statystyki odpowiedzi
GOL STRZELEC % Poprawnych
Niemcy 2:0 Szkocja Jamal Musiala
92%
Polska 1:0 Holandia Adam Buksa
90%
Niemcy 1:0 Szkocja Florian Wirtz
83%
Niemcy 4:1(gol samobójczy) Szkocja Antonio Rüdiger
82%
Hiszpania 1:0 Chorwacja Álvaro Morata
76%
Polska 1:1 Holandia Cody Gakpo
75%
Turcja 2:1 Gruzja Arda Güler
73%
Niemcy 3:0 Szkocja Kai Havertz
73%
Niemcy 4:0 Szkocja Niclas Füllkrug
70%
Polska 1:2 Holandia Wout Weghorst
65%
Słowenia 0:1 Dania Christian Eriksen
62%
Serbia 0:1 Anglia Jude Bellingham
62%
Rumunia 1:0 Ukraina Nicolae Stanciu
62%
Węgry 1:3 Szwajcaria Breel Embolo
61%
Włochy 2:1 Albania Nicolò Barella
59%
Niemcy 5:1 Szkocja Emre Can
54%
Hiszpania 3:0 Chorwacja Daniel Carvajal
52%
Hiszpania 2:0 Chorwacja Fabián Ruiz
47%
Włochy 1:1 Albania Alessandro Bastoni
43%
Austria 0:1(gol samobójczy) Francja Maximilian Wöber
42%
Słowenia 1:1 Dania Erik Janza
41%
Turcja 1:1 Gruzja Georges Mikautadze
40%
Portugalia 2:1 Czechy Francisco Conceicao
36%
Węgry 1:2 Szwajcaria Barnabás Varga
34%
Belgia 0:1 Słowacja Ivan Schranz
33%
Rumunia 2:0 Ukraina Răzvan Marin
32%
Węgry 0:1 Szwajcaria Kwadwo Duah
31%
Włochy 0:1 Albania Nedim Bajrami
28%
Węgry 0:2 Szwajcaria Michel Aebischer
27%
Rumunia 3:0 Ukraina Denis Drăguș
24%
Turcja 3:1 Gruzja Kerem Aktürkoğlu
22%
Turcja 1:0 Gruzja Mert Müldür
22%
Portugalia 0:1 Czechy Lukáš Provod
20%
Portugalia 1:1(gol samobójczy) Czechy Robin Hranáč
9%
Nie znaleziono quizów pasujących do podanych kryteriów
Rozkład punktacji
Procent ludzi z każdym wynikiem
Percentyl według liczby udzielonych odpowiedzi
Twoja historia wyników
Nie rozwiązałeś tego quizu